000
00266 a2200109 4500
001
58761
082
_a
629.13252 MAS
090
_c
36074
_d
36074
100
_a
Mason J K.
245
_a
Aviation accident pathology
260
_a
London
_b
Butherworth Heinemann
_c
1962
942
_a
NUST-CAE
_k
629.13252 MAS
999
_c
293834
_d
293834